000 00459nam a2200157Ia 4500
020 _a929028031X
040 _c4829
082 _a482 LAG 1981 C325 Or.
100 1 _aTichit, L.
245 1 2 _aL'agriculture au Cambodge /
260 _aParis :
_bAgence de Coop©♭ration Culturelle et Technique,
_cc1981
300 _a423 p. :
_b2 fold. maps ;
_c24 cm
650 0 _aAgriculture
710 2 _aAgence de coop©♭ration culturelle et technique
942 _cAEDBB
999 _c21454
_d21454